All 2024 Olympic Medalists: Triathlon - Statistics

General Stats
  • This quiz has been taken 21 times
  • The average score is 10 of 18
Answer Stats
Gender Event Medal Nationality/Team Medalist % Correct
Men's Individual Silver New Zealand Hayden Wilde
100%
Men's Individual Gold Great Britain Alex Yee
94%
Mixed Relay Bronze Great Britain Alex Yee
94%
Women's Individual Gold France Cassandre Beaugrand
94%
Women's Individual Bronze Great Britain Beth Potter
81%
Mixed Relay Bronze Great Britain Beth Potter
81%
Men's Individual Bronze France Leo Bergere
56%
Mixed Relay Bronze Great Britain Georgia Taylor-Brown
50%
Women's Individual Silver Switzerland Julie Derron
50%
Mixed Relay Bronze Great Britain Sam Dickinson
44%
Mixed Relay Silver USA Taylor Knibb
44%
Mixed Relay Gold Germany Laura Lindemann
38%
Mixed Relay Silver USA Morgan Pearson
38%
Mixed Relay Silver USA Taylor Spivey
31%
Mixed Relay Gold Germany Lisa Tertsch
25%
Mixed Relay Silver USA Seth Rider
25%
Mixed Relay Gold Germany Tim Hellwig
19%
Mixed Relay Gold Germany Lasse Luhrs
13%
No matching quizzes found
Score Distribution
Percent of People with Each Score
Percentile by Number Answered
Your Score History
You have not taken this quiz